Manual de Inversión Pública Nacional / (Registro nro. 8103)

Detalles MARC
000 -LEADER
fixed length control field 00951nam a2200229Ia 4500
003 - CONTROL NUMBER IDENTIFIER
control field OSt
005 - DATE AND TIME OF LATEST TRANSACTION
control field 20210719165152.0
008 - FIXED-LENGTH DATA ELEMENTS--GENERAL INFORMATION
fixed length control field 210310s2002 ck ad fr 000 0 spa d
040 ## - CATALOGING SOURCE
Original cataloging agency CO-JMCR
Transcribing agency CO-JMCR
041 0# - LANGUAGE CODE
Language code of text/sound track or separate title spa
082 04 - DEWEY DECIMAL CLASSIFICATION NUMBER
Classification number 332.67252 /
Item number D419m
Edition number 23
110 2# - MAIN ENTRY--CORPORATE NAME
Corporate name or jurisdiction name as entry element Colombia.
Subordinate unit Departamento Nacional de Planeación
9 (RLIN) 38570
245 10 - TITLE STATEMENT
Title Manual de Inversión Pública Nacional /
Statement of responsibility, etc. Departamento Nacional de Planeación
260 ## - PUBLICATION, DISTRIBUTION, ETC.
Place of publication, distribution, etc. Bogotá :
Name of publisher, distributor, etc. Departamento Nacional de Planeación,
Date of publication, distribution, etc. 2002
300 ## - PHYSICAL DESCRIPTION
Extent 41 páginas :
Other physical details ilustraciones y gráficas a blanco y negro ;
Dimensions 28 cm.
500 ## - GENERAL NOTE
General note Incluye notas a pie de página.
505 0# - FORMATTED CONTENTS NOTE
Formatted contents note Sistema presupuestal -- Programación presupuestal de la inversión -- Ejecución presupuestal de la inversión -- Cierre
650 14 - SUBJECT ADDED ENTRY--TOPICAL TERM
Topical term or geographic name entry element Finanzas
9 (RLIN) 16342
Form subdivision Manuales
Geographic subdivision Colombia
650 14 - SUBJECT ADDED ENTRY--TOPICAL TERM
Topical term or geographic name entry element Presupuesto
Form subdivision Manuales
Geographic subdivision Colombia
9 (RLIN) 38571
650 24 - SUBJECT ADDED ENTRY--TOPICAL TERM
Topical term or geographic name entry element Inversiones públicas
Form subdivision Manuales
Geographic subdivision Colombia
9 (RLIN) 38572
942 ## - ADDED ENTRY ELEMENTS (KOHA)
Source of classification or shelving scheme Dewey Decimal Classification
Koha item type Books
Existencias
Withdrawn status Lost status Source of classification or shelving scheme Damaged status Not for loan Collection code Home library Current library Date acquired Source of acquisition Full call number Barcode Date last seen Copy number Koha item type
    Dewey Decimal Classification     Non-fiction Biblioteca Pública José María del Castillo y Rada Biblioteca Pública José María del Castillo y Rada 04/15/2018 Donación 332.67252 / D419m 430003237 05/16/2024 Ej.1 Books